[Event "Dubai op 20th"]
[Site "Dubai"]
[Date "2018.04.08"]
[Round "7"]
[White "Iturrizaga Bonelli, Eduardo"]
[Black "Flores, Diego"]
[Result "1/2-1/2"]
[WhiteElo "2624"]
[BlackElo "2601"]
[PlyCount "87"]
[EventDate "2018.04.02"]
[EventType "swiss"]
[EventRounds "9"]
[EventCountry "UAE"]
[SourceTitle "CBM 183 Extra"]
[Source "ChessBase"]
[SourceDate "2018.04.19"]
[SourceVersion "1"]
[SourceVersionDate "2018.04.19"]
[SourceQuality "1"]

1. d4 d5 2. c4 e6 3. Nc3 c6 4. e4 dxe4 5. Nxe4 Bb4+ 6. Nc3 e5 7. a3 Bxc3+ 8. bxc3 Qa5 9. Bd2 ({RR} 9. Qc2 exd4 10. Bd2 Qe5+ 11. Ne2 Bf5 12. Qb2 d3 13. Qxb7 dxe2 14. Bxe2 Nf6 15. Kf1 O-O 16. Qxa8 Ne4 17. Be3 Nxc3 18. Re1 Nxe2 19. Kxe2 Qc3 20. Kf3 Nd7 21. Qxa7 Ne5+ 22. Kg3 Nd3 23. Rd1 Qe5+ {Fedoseev,V (2678)-Mamedyarov,S (2764) Chess.com INT 2020 ½-½ (36)}) 9... Nf6 10. Nf3 Nbd7 11. Be2 ({RR} 11. h3 O-O 12. Be2 Ne4 13. Qc2 Nxd2 14. Qxd2 Re8 15. Ra2 c5 16. O-O exd4 17. cxd4 Qxd2 18. Rxd2 Nf6 19. d5 Ne4 20. Rb2 Nd6 21. Bd3 Bd7 22. Nd2 Re7 23. f3 Re3 24. Ne4 Nxe4 25. Bxe4 b6 {Ebrahimi Herab,H (2374)-Umarov,B (2317) Manisa TUR 2026 0-1 (44)}) 11... e4 $146 ({RR} 11... O-O 12. O-O Ne4 13. Re1 Nxc3 14. Bf1 Nxd1 15. Bxa5 Nb2 16. Bb4 Re8 17. a4 Nb6 18. Nxe5 Be6 19. a5 N6xc4 20. a6 Nxe5 21. axb7 Rab8 22. dxe5 Rxb7 23. Bc5 Bc4 24. Rab1 Bxf1 25. Kxf1 Rb5 26. Bxa7 {Dreev,A (2623)-Smirnov,P (2544) Chess.com INT 2022 0-1}) ({RR} 11... O-O 12. O-O Ne4 13. Re1 Rd8 14. Bf1 Nxd2 15. Qxd2 exd4 16. cxd4 Qxd2 17. Nxd2 Nf8 18. Nb3 Bf5 19. Rac1 Ne6 20. Red1 Rd6 21. Rd2 Rad8 22. Rcd1 b6 23. f3 h5 24. h4 a5 25. a4 c5 26. d5 {L'Ami,E (2627)-Adhiban,B (2653) Wijk aan Zee 2016 ½-½ (49)}) 12. Ng5 e3 13. Bxe3 Qxc3+ 14. Kf1 O-O 15. Qe1 Qc2 16. Qb1 Qc3 17. Qe1 Qc2 18. Rc1 Qg6 19. Qd1 Nb6 20. h3 Re8 21. Qb3 Ne4 22. Nxe4 Qxe4 23. Kg1 Qe7 24. Qb4 Qc7 25. Bd3 Nd7 26. Qd2 Nf8 27. d5 cxd5 28. cxd5 Qd6 29. Bc5 Qe5 30. f4 Qf6 31. Kh2 Ng6 32. Rhe1 Bf5 33. Rxe8+ Rxe8 34. Bxf5 Qxf5 35. Bxa7 Nxf4 36. Rf1 g5 37. Be3 Re5 38. Bxf4 gxf4 39. Rxf4 Rxd5 40. Qf2 Qe5 41. Qg3+ Kf8 42. a4 Qd6 43. a5 Rd3 44. Rf3 1/2-1/2

[Event "FIDE-Wch k.o."]
[Site "Tripoli"]
[Date "2004.06.29"]
[Round "5.4"]
[White "Grischuk, Alexander"]
[Black "Kasimdzhanov, Rustam"]
[Result "0-1"]
[WhiteElo "2719"]
[BlackElo "2652"]
[PlyCount "146"]
[EventDate "2004.06.19"]
[EventType "k.o."]
[EventRounds "7"]
[EventCountry "LBY"]
[SourceTitle "CBM 102"]
[Source "ChessBase"]
[SourceDate "2004.09.23"]
[SourceVersion "1"]
[SourceVersionDate "2004.09.23"]
[SourceQuality "1"]

1. d4 d5 2. c4 e6 3. Nc3 Be7 4. cxd5 exd5 5. Bf4 c6 6. e3 Bd6 7. Nge2 ({RR} 7. Qf3 Ne7 8. h4 Nf5 9. Bd3 Bxf4 10. Qxf4 Nd6 11. Nf3 Qe7 12. O-O-O Be6 13. Ng5 h6 14. Nxe6 Qxe6 15. g4 Nd7 16. f3 O-O-O 17. e4 dxe4 18. fxe4 c5 19. e5 cxd4 20. Qxd4 Qxe5 21. Qxa7 Qc5 {Vakhidov,J (2534)-Kasimdzhanov,R (2661) Chess.com INT 2021 0-1}) 7... Nf6 ({RR} 7... Ne7 8. Bxd6 Qxd6 9. Ng3 O-O 10. Bd3 Nd7 11. Qc2 Nf6 12. O-O-O Bd7 13. Kb1 c5 14. dxc5 Qxc5 15. e4 d4 16. Nce2 Qb6 17. Nxd4 Ng4 18. h3 Rac8 19. Qe2 Ne5 20. Bc2 N7g6 21. Bb3 a5 22. Ngf5 {Morozevich,A (2765)-Topalov,V (2780) Nice 2008 1-0 (34)}) ({RR} 7... Ne7 8. Qb3 O-O 9. Rc1 Re8 10. a3 Nf5 11. g3 Bxf4 12. gxf4 Nd7 13. Bg2 Nh4 14. O-O Nf6 15. Ng3 Qd7 16. f5 Nxg2 17. Kxg2 Ng4 18. Rfe1 Nh6 19. e4 dxe4 20. Ncxe4 Rd8 21. Nh5 Qxf5 22. Rc5 {Duda,J (2739)-Papasimakopoulos,A (2352) chess.com INT 2026 1-0 (33)}) 8. h3 O-O $146 ({RR} 8... Bf5 9. f3 h5 10. h4 Bxf4 11. Nxf4 Qb6 12. Qd2 Nbd7 13. Bd3 Bxd3 14. Nxd3 O-O 15. O-O-O Rfe8 16. Kb1 a5 17. Nf2 Qb4 18. a3 Qe7 19. e4 dxe4 20. fxe4 c5 21. d5 Ne5 22. Qe2 c4 23. Qe3 {Vyzmanavin,A (2470)-Lerner,K (2485) Lvov 1984 0-1 (76)}) 9. g4 Re8 10. Bxd6 Qxd6 11. Ng3 Be6 12. Qc2 a5 13. Bd3 Na6 14. a3 g6 15. Nce2 Rac8 16. Qd2 Ra8 17. Rc1 Nc7 18. f3 Re7 19. Kf2 Rae8 20. Qxa5 Bc8 21. Nf1 Ne6 22. Qb4 Qd8 23. Kg2 Ng7 24. Qd2 Qd6 25. Rc3 h5 26. Qe1 Qd8 27. Qf2 Qd6 28. b4 Qd8 29. Bb1 Qd6 30. Nf4 b6 31. Nd3 Nd7 32. Qg3 Qf6 33. g5 Qf5 34. Bc2 h4 35. Qxh4 Qe6 36. Nf4 Qd6 37. Qg3 c5 38. bxc5 bxc5 39. dxc5 Nxc5 40. Nh5 Qxg3+ 41. Nhxg3 Nce6 42. Ba4 Rd8 43. h4 Bb7 44. Kf2 d4 45. exd4 Rxd4 46. Bc2 Nf4 47. Ne4 Bxe4 48. fxe4 Ngh5 49. Kf3 Ne6 50. Rh2 Red7 51. Rf2 R4d6 52. Kg4 Kg7 53. Bb3 Nd4 54. Bd5 f5+ 55. Kh3 Ne2 56. Re3 Nef4+ 57. Kh2 Nxd5 58. exd5 Rxd5 59. Rff3 Rd4 60. Kh3 Nf4+ 61. Kg3 Nh5+ 62. Kh3 Nf4+ 63. Kh2 Nd5 64. Rd3 Rxh4+ 65. Kg1 Nb6 66. Rb3 Nc4 67. Rfc3 Rg4+ 68. Kf2 Nd6 69. Nd2 Rd4 70. Ke2 Rg4 71. Nf3 Ne4 72. Rc4 Ng3+ 73. Kf2 Nh1+ 0-1

[Event "Moscow-ch"]
[Site "Moscow"]
[Date "2002.??.??"]
[Round "3"]
[White "Najer, Evgeniy"]
[Black "Malakhov, Vladimir"]
[Result "1-0"]
[WhiteElo "2616"]
[BlackElo "2613"]
[PlyCount "59"]
[EventDate "2002.??.??"]
[EventType "k.o."]
[EventRounds "5"]
[EventCountry "RUS"]
[SourceTitle "EXT 2003"]
[Source "ChessBase"]
[SourceDate "2002.11.25"]
[SourceVersion "1"]
[SourceVersionDate "2002.11.25"]
[SourceQuality "1"]

1. d4 d5 2. c4 e6 3. Nc3 c6 4. e4 dxe4 5. Nxe4 Bb4+ 6. Bd2 Qxd4 7. Bxb4 Qxe4+ 8. Be2 Na6 9. Ba5 b6 10. Qd6 Bd7 11. Bc3 f6 12. O-O-O O-O-O 13. Qa3 Kb7 14. Bf3 Qf4+ 15. Rd2 Nb8 16. Ne2 Qxc4 17. Rhd1 Qc5 18. Qxc5 bxc5 19. Nf4 $146 ({RR} 19. Ba5 Ne7 20. Bxd8 Rxd8 21. Nc3 Nd5 22. Na4 Na6 23. Be2 Bc8 24. b3 Kc7 25. Kb2 Re8 26. Bxa6 Bxa6 27. Nxc5 Bc8 28. Rd4 e5 29. Ra4 Kb6 30. Rc4 Kc7 31. g3 Re7 32. b4 a6 33. a3 Nb6 {Potapova,M (2216)-Getman,T (2148) Obninsk 2022 1-0 (61)}) ({RR} 19. Ba5 Ne7 20. Bxd8 Rxd8 21. Nc3 Nd5 22. Na4 Na6 23. Be2 Bc8 24. b3 Kc7 25. Kb2 Re8 26. Bxa6 Bxa6 27. Nxc5 Bc8 28. Rd4 e5 29. Ra4 Kb6 30. Rc4 Kc7 31. g3 Re7 32. b4 a6 33. a3 Nb6 {Potapova,M (2216)-Getman,T (2148) Obninsk 2022 1-0 (61)}) 19... Ne7 20. Nxe6 Bxe6 21. Rxd8 Rxd8 22. Rxd8 Bxa2 23. Re8 Nd5 24. Rg8 g6 25. Rg7+ Kc8 26. Rxa7 Nxc3 27. bxc3 Bd5 28. Bxd5 cxd5 29. Rxh7 Nd7 30. f4 1-0

[Event "Vlissingen HZ op 10th"]
[Site "Vlissingen"]
[Date "2006.08.12"]
[Round "9"]
[White "Gurevich, Mikhail"]
[Black "Krasenkow, Michal"]
[Result "0-1"]
[WhiteElo "2643"]
[BlackElo "2635"]
[PlyCount "44"]
[EventDate "2006.08.05"]
[EventType "swiss"]
[EventRounds "9"]
[EventCountry "NED"]
[SourceTitle "CBM 113 Extra"]
[Source "ChessBase"]
[SourceDate "2006.09.14"]
[SourceVersion "1"]
[SourceVersionDate "2006.09.14"]
[SourceQuality "1"]

1. d4 {Dautov,Rustem} d5 2. c4 e6 3. Nc3 c6 4. e4 dxe4 5. Nxe4 Bb4+ 6. Bd2 Qxd4 7. Bxb4 Qxe4+ 8. Be2 Na6 9. Bd6 b6 ({RR} 9... e5 10. Nf3 Bg4 11. O-O O-O-O 12. Bd3 ({RR} 12. b4 Nf6 13. Re1 Bxf3 14. Bxf3 Qxc4 15. Rxe5 Nxb4 16. Re7 Nbd5 17. Rc1) 12... Qf4 13. Bxe5 Qxe5 14. Nxe5 Bxd1 15. Bf5+ ({RR} 15. Raxd1 Nh6 16. Bc2 g6 17. Nf3 Rhe8) 15... Kc7 16. Nxf7 Bh5 ({RR} 16... Ne7 17. Bxh7 Bg4 18. Nxh8 Rxh8 19. Rfe1 Nc8 20. Bc2 Nb4 21. Be4) ({RR} 16... Nh6 17. Nxh6 ({RR} 17. Nxd8 Rxd8 18. Bxh7 Be2 19. Rfc1 Rd2) ({RR} 17. Nxh8 Nxf5 18. Nf7 Rd7 19. Ne5 Be2 20. Nxd7 Bxf1) 17... Bh5 ({RR} 17... Be2 18. Rfe1 Rd2 19. Bg4 Re8) 18. Bg4 Bxg4 19. Nxg4 Rd2 20. Rab1 Re8 21. Rfd1 ({RR} 21. Ne3 Nb4 22. Rfd1 Rxd1+ 23. Rxd1 Nxa2) 21... Rxd1+ 22. Rxd1 Re2 23. Rb1 Nb4) 17. Nxd8 ({RR} 17. Nxh8 Nh6 18. Bxh7 Rxh8 19. Be4 Be2 20. Rfc1 Rd8) 17... Kxd8 18. g4 Nh6 ({RR} 18... Bg6 19. Rad1+ Kc7 20. Rd7+ Kb6 21. Bxg6 hxg6 22. Rxg7) 19. Rad1+ Kc7 20. Rd7+ Kb6 21. Rxg7 Nxf5 22. gxf5 Rf8 23. Re1 Nc5 ({RR} 23... Rxf5 24. Ree7 Bg6 25. Rxb7+ Kc5 26. Rxa7 Nb4 27. b3 Kd4 ({RR} 27... Rg5+ 28. Kf1 Bd3+ 29. Ke1 Rxg7 30. Rxg7 Nxa2 31. Kd2 Bg6 32. h4)) 24. b4 {Aronian,L (2752)-Vallejo Pons,F (2650) Morelia/Linares 2006 CBM 112 [Dautov,Rustem] 1-0 (36)}) 10. Nf3 Bb7 11. O-O Rd8 12. Bd3 $146 ({RR} 12. Ng5 Qf5 13. f4 Ne7 14. Re1 Qf6 15. Bh5 O-O 16. Bxf7+ Rxf7 17. Rxe6 Nf5 18. Rxf6 Rxf6 19. Qh5 Rdxd6 20. Qxh7+ Kf8 21. Re1 Ne7 22. Qe4 Rd7 23. Nh7+ Ke8 24. Nxf6+ gxf6 25. Qg6+ Kd8 26. Qxf6 {1-0 (26) Dobrov,V (2510)-Kolesnikov,E (2381) Sochi 2006}) ({RR} 12. Ng5 Qf5 13. f4 Nf6 14. g4 Qg6 15. h4 Qh6 16. h5 Nxh5 17. Nxf7 Kxf7 18. g5 Qg6 19. Bxh5 Qxh5 20. Qxh5+ g6 21. Qh2 Rxd6 22. f5 Rd4 23. fxg6+ {1-0 (23) Lyutsinger,I (2182)-Vul,A (2101) Odintsovo RUS 2026}) ({RR} 12. Qd2 c5 13. Rad1 Nb4 14. a3 Nc6 15. Bd3 Qg4 16. h3 Qh5 17. Qf4 f6 18. Rfe1 Qf7 19. Bf5 Bc8 20. Be4 Bd7 21. Bc7 Rc8 22. Ng5 fxg5 23. Qxf7+ Kxf7 24. Rxd7+ Nce7 25. Bd6 a5 26. Bf3 h5 {Cheparinov,I (2713)-Krasenkow,M (2636) Wijk aan Zee 2008 1-0 (42)}) ({RR} 12. Ng5 Qf5 13. f4 Nh6 14. Bf3 Rd7 15. Rf2 Qf6 16. Rd2 Nf5 17. Bh5 Rxd6 18. Rxd6 Nxd6 19. Qxd6 g6 20. Bf3 h6 21. Ne4 Qe7 22. Qe5 f6 23. Nxf6+ Kf7 24. Ne4 Rd8 25. Rd1 Rxd1+ 26. Bxd1 Nc5 {Zacurdajev,M (2400)-Vitiugov,N (2550) St Petersburg 2006 1-0 (118)}) 12... Qg4 13. h3 Qh5 14. Bc2 Ne7 15. Qd4 Nb4 16. Rad1 Nxc2 17. Qxg7 Rg8 18. Qf6 Rxd6 19. Rxd6 c5 20. Rfd1 Nd4 21. R1xd4 cxd4 22. Qxd4 Nc6 0-1

[Event "RUS-chT 08th Group2"]
[Site "Tomsk"]
[Date "2001.05.16"]
[Round "4"]
[White "Sakaev, Konstantin"]
[Black "Kharlov, Andrei"]
[Result "0-1"]
[WhiteElo "2637"]
[BlackElo "2639"]
[PlyCount "78"]
[EventDate "2001.05.13"]
[EventType "team-tourn"]
[EventRounds "5"]
[EventCountry "RUS"]
[SourceTitle "EXT 2020"]
[Source "ChessBase"]
[SourceDate "2019.10.17"]
[SourceVersion "1"]
[SourceVersionDate "2019.10.17"]
[SourceQuality "1"]
[WhiteTeam "Sankt Petersburg Lentransgaz"]
[BlackTeam "Kazan Ladya"]
[WhiteTeamCountry "RUS"]
[BlackTeamCountry "RUS"]

1. d4 d5 2. c4 e6 3. Nc3 c6 4. Nf3 dxc4 5. a4 Bb4 6. e3 b5 7. Bd2 a5 8. axb5 Bxc3 9. Bxc3 cxb5 10. b3 Bb7 11. bxc4 b4 12. Bb2 Nf6 13. Bd3 Nbd7 14. O-O O-O 15. Re1 Be4 16. Bxe4 Nxe4 17. Qc2 f5 18. c5 Qc7 19. Rec1 Qc6 20. Qa4 Rfc8 21. Qxc6 Rxc6 22. Ne1 $146 ({RR} 22. Ra4 Rca6 23. Kf1 Kf8 24. Ke2 Ke7 25. Nd2 Nxd2 26. Kxd2 Nf6 27. f3 {½-½ (28) Kumsiashvili,N (2100)-Ebeling,D (2359) Maribor 2012}) 22... Nb8 23. Nd3 Rca6 24. f3 Nf6 25. Kf2 Nc6 26. Ra4 Rd8 27. Rca1 Raa8 28. Ke2 Nd5 29. h3 Rab8 30. Rd1 Rb5 31. e4 Nc3+ 32. Bxc3 bxc3 33. Ke3 c2 34. Rc1 Rb3 35. exf5 e5 36. Ke4 exd4 37. Rxc2 Nb4 38. Nxb4 axb4 39. c6 Re8+ 0-1

[Event "EU-ch 6th"]
[Site "Warsaw"]
[Date "2005.06.25"]
[Round "7"]
[White "Volkov, Sergey"]
[Black "Ivanchuk, Vassily"]
[Result "1/2-1/2"]
[WhiteElo "2634"]
[BlackElo "2739"]
[PlyCount "250"]
[EventDate "2005.06.18"]
[EventType "swiss"]
[EventRounds "13"]
[EventCountry "POL"]
[SourceTitle "CBM 108"]
[Source "ChessBase"]
[SourceDate "2005.09.26"]
[SourceVersion "1"]
[SourceVersionDate "2005.09.26"]
[SourceQuality "1"]

1. d4 d5 2. c4 e6 3. Nc3 Be7 4. cxd5 exd5 5. Bf4 c6 6. Qc2 g6 7. e3 Bf5 8. Bd3 Bxd3 9. Qxd3 Nf6 10. Nge2 ({RR} 10. h3 O-O 11. Nge2 Re8 12. O-O Nbd7 13. Rad1 a5 14. Qc2 b5 15. Rc1 Rc8 16. Rfd1 Nb6 17. Bg5 Nh5 18. Bxe7 Qxe7 19. Qd3 Nf6 20. Rc2 b4 21. Nb1 Ne4 22. Nd2 Nxd2 23. Rdxd2 c5 24. dxc5 Nc4 {Yu Yangyi (2714)-Huang,R (2500) Hong Kong HKG 2026 1-0 (36)}) 10... Na6 11. O-O Nc7 $146 ({RR} 11... O-O 12. Rad1 Nb4 13. Qb1 Nh5 14. Be5 f6 15. Bg3 a5 16. a3 Na6 17. e4 f5 18. exf5 gxf5 19. Be5 Bd6 20. f4 Bxe5 21. fxe5 Qg5 22. Rd3 Nc7 23. Nf4 Kh8 24. Nce2 Rg8 25. Rf2 Nxf4 26. Nxf4 {Nihal,S (2612)-Diaz Camallonga,C (2468) Sitges 2019 1-0 (53)}) 12. h3 Ne6 13. Be5 O-O 14. Rad1 Nd7 15. Bh2 Nb6 16. b3 Bd6 17. Be5 Bb4 18. Kh1 Qe7 19. Rc1 Rfe8 20. Bh2 a5 21. Rc2 Ng5 22. a4 Ne4 23. Kg1 Qd7 24. Na2 Bf8 25. Qd1 h5 26. Nac1 Qf5 27. Nd3 Nd7 28. Kh1 Rac8 29. f3 Nef6 30. Ne5 Bb4 31. g4 hxg4 32. hxg4 Qe6 33. Nf4 Qe7 34. Nfd3 Bd6 35. Qe1 Bc7 36. Rcf2 Nf8 37. Kg2 N6h7 38. Nf4 g5 39. Nh5 f6 40. Nd3 Qxe3 41. Qc3 Bb6 42. Qc2 Bxd4 43. Rd2 Qe7 44. Ng3 Ng6 45. Nf5 Nh4+ 46. Nxh4 gxh4 47. Nf4 Be3 48. Re2 Qf7 49. Ng6 h3+ 50. Kh1 d4 51. Nh4 Rcd8 52. Qd3 Rd5 53. Nf5 Qd7 54. Rfe1 Re6 55. Bg1 Ng5 56. Nxe3 dxe3 57. Qg6+ Qg7 58. Qxg7+ Kxg7 59. f4 Nf3 60. Rxe3 Nxe1 61. Rxe6 Rd1 62. Re3 Nd3 63. Rf3 b5 64. Kh2 bxa4 65. bxa4 c5 66. g5 fxg5 67. fxg5 c4 68. Bb6 Kg6 69. Bxa5 Kxg5 70. Kxh3 Kg6 71. Bc3 Rc1 72. Bd4 Rc2 73. Kg4 Rg2+ 74. Rg3 Ra2 75. Kf3+ Kf5 76. Ke3 Nf4 77. Bc3 Re2+ 78. Kd4 Re4+ 79. Kc5 Ne2 80. Rh3 Kg4 81. Kd5 Re8 82. Rh2 Nxc3+ 83. Kxc4 Nxa4 84. Rf2 Re4+ 85. Kd5 Nc3+ 86. Kc5 Ne2 87. Kd5 Re8 88. Rg2+ Kf5 89. Rh2 Nf4+ 90. Kc6 Re6+ 91. Kc5 Ke4 92. Rh1 Nd3+ 93. Kb5 Rg6 94. Rh4+ Kd5 95. Rh5+ Ne5 96. Rh1 Nf3 97. Rh5+ Kd4 98. Rh8 Rg5+ 99. Kb4 Kd3 100. Rh3 Ke4 101. Rh8 Rd5 102. Rh1 Rg5 103. Rh8 Nd2 104. Re8+ Kd3 105. Rd8+ Ke3 106. Re8+ Ne4 107. Rh8 Rc5 108. Rh1 Rc2 109. Re1+ Kd4 110. Rd1+ Nd2 111. Kb5 Ke5 112. Kb4 Kd5 113. Rh1 Nf3 114. Rh5+ Kd4 115. Kb5 Rb2+ 116. Kc6 Ne5+ 117. Kc7 Kd5 118. Rh1 Rc2+ 119. Kb7 Nf7 120. Kb6 Rc6+ 121. Kb5 Nd6+ 122. Kb4 Rb6+ 123. Kc3 Ne4+ 124. Kc2 Kd4 125. Rh8 Ke5 1/2-1/2

[Event "Danzhou 9th"]
[Site "Danzhou"]
[Date "2018.07.29"]
[Round "3"]
[White "Duda, Jan Krzysztof"]
[Black "Fedoseev, Vladimir1"]
[Result "1/2-1/2"]
[WhiteElo "2737"]
[BlackElo "2707"]
[PlyCount "128"]
[EventDate "2018.07.27"]
[EventType "tourn"]
[EventRounds "7"]
[EventCountry "CHN"]
[EventCategory "20"]
[SourceTitle "CBM 186"]
[Source "ChessBase"]
[SourceDate "2018.09.14"]
[SourceVersion "1"]
[SourceVersionDate "2018.09.14"]
[SourceQuality "1"]

1. d4 d5 2. c4 e6 3. Nc3 a6 4. cxd5 exd5 5. Qb3 Nf6 6. Bg5 c6 7. e3 Be7 8. Bd3 O-O ({RR} 8... Nbd7 9. Nge2 h6 10. Bh4 Nh5 11. Bxe7 Qxe7 12. O-O O-O 13. Rae1 a5 14. Qc2 Re8 15. Nc1 Qg5 16. f4 Qd8 17. Qf2 Nhf6 18. h3 c5 19. dxc5 Nxc5 20. Bb1 b6 21. N1e2 Ba6 22. Qg3 Nfe4 23. Nxe4 {Mamyrov,B (2317)-Papasimakopoulos,A (2363) chess.com INT 2026 0-1 (52)}) 9. Nge2 Nbd7 10. Qc2 $146 ({RR} 10. O-O Re8 11. Qc2 Nf8 12. f3 g6 13. Bh4 Ne6 14. Bf2 Ng7 15. Rad1 Bf5 16. e4 Be6 17. e5 Nd7 18. Ng3 f5 19. f4 Bf7 20. Nge2 Ne6 21. Be3 a5 22. g4 fxg4 23. f5 gxf5 24. Bxf5 Ndf8 {Hua,L (2305)-Buscar,M (2088) Chess.com INT 2022 1-0 (37)}) ({RR} 10. O-O h6 11. Bh4 Ne4 12. Bxe7 Qxe7 13. Bxe4 dxe4 14. d5 Nf6 15. Rac1 cxd5 16. Nxd5 Nxd5 17. Qxd5 Rd8 18. Qa5 Be6 19. Nd4 Rd5 20. Qc7 Re8 21. Qf4 Bd7 22. Rc7 Qb4 23. f3 Rd6 24. a3 Qb6 {Milikow,Y (2299)-Pajeken,J (2307) Banja Vrujci 2021 ½-½ (64)}) 10... h6 11. Bh4 Ne8 12. Bg3 Nb6 13. h3 Bd6 14. Bf4 a5 15. g4 Qh4 16. Rg1 Nc4 17. Rg3 b5 18. O-O-O a4 19. Rdg1 a3 20. b3 Nb2 21. g5 hxg5 22. Bxd6 Nxd6 23. Rxg5 Rd8 24. Rxg7+ Kf8 25. Nf4 Nxd3+ 26. Qxd3 Qxf2 27. R7g2 Qh4 28. Rg8+ Ke7 29. Ng6+ fxg6 30. Rg7+ Nf7 31. Rxf7+ Kxf7 32. Qxg6+ Ke7 33. Qg7+ Ke8 34. Qe5+ Kf7 35. Qg7+ Ke8 36. Qe5+ Kf7 37. Rg7+ Kf8 38. Rg5 Be6 39. Rh5 Qxh5 40. Qxh5 Ke7 41. Qg5+ Kd7 42. Qg7+ Kc8 43. h4 Rg8 44. Qe7 Bd7 45. h5 Kc7 46. Ne2 Rae8 47. Qc5 Kb7 48. Qxa3 Rxe3 49. Nf4 Ra8 50. Qd6 Rxa2 51. Qxd7+ Kb8 52. Kd1 Rxb3 53. Qe8+ Kb7 54. Qe7+ Ka6 55. Ne2 Rh3 56. Ke1 Rxh5 57. Qc7 Rh1+ 58. Kf2 Rc2 59. Kf3 Rf1+ 60. Ke3 Re1 61. Kd3 Rcxe2 62. Qxc6+ Ka5 63. Qc3+ Ka4 64. Qb4+ Kxb4 1/2-1/2

[Event "ESP-chT CECLUB Honor"]
[Site "Linares"]
[Date "2018.08.08"]
[Round "3.2"]
[White "Navara, David"]
[Black "Harikrishna, Pentala"]
[Result "1/2-1/2"]
[WhiteElo "2741"]
[BlackElo "2739"]
[PlyCount "103"]
[EventDate "2018.08.06"]
[EventType "team-tourn"]
[EventRounds "7"]
[EventCountry "ESP"]
[SourceTitle "CBM 185 Extra"]
[Source "ChessBase"]
[SourceDate "2018.07.29"]
[SourceVersion "1"]
[SourceVersionDate "2018.07.29"]
[SourceQuality "1"]
[WhiteTeam "Beniajan Duochess CAC"]
[BlackTeam "Solvay"]
[WhiteTeamCountry "ESP"]
[BlackTeamCountry "ESP"]

1. d4 d5 2. c4 e6 3. Nc3 Be7 4. cxd5 exd5 5. Bf4 c6 6. e3 Bf5 7. Nge2 Nd7 8. Ng3 Bg6 9. Be2 Ngf6 10. h4 h5 11. Bg5 Ne4 $146 ({RR} 11... Bd6 12. Rh3 Qb6 13. Qd2 O-O 14. Kf1 Rfe8 15. Kg1 Rac8 16. Bf3 Ng4 17. Nce2 Ndf6 18. Nf4 Bxf4 19. exf4 c5 20. f5 Bh7 21. Nxh5 Bxf5 22. Bxf6 Nxf6 23. Qg5 Nxh5 24. Qxf5 g6 25. Qg5 Qf6 26. Rg3 {Portisch,L-Geller,E Portoroz 1973 ½-½ (48)}) ({RR} 11... Qb6 12. Qd2 Nf8 13. f4 Qc7 14. O-O-O O-O-O 15. f5 Bh7 16. Bxf6 gxf6 17. Nxh5 Bxf5 18. Rdf1 Be6 19. g4 Ng6 20. Kb1 Rh7 21. Nf4 Nxh4 22. Bd3 Rhh8 23. Qf2 f5 24. gxf5 Nxf5 25. Rxh8 Rxh8 26. Nxe6 {Carlsen,M (2840)-Nihal,S (2716) chess.com INT 2026 1-0 (56)}) ({RR} 11... Bd6 12. f4 Qb6 13. Qd2 O-O-O 14. Rc1 Kb8 15. a3 Rde8 16. Bxf6 Nxf6 17. b4 Re7 18. O-O Rhe8 19. Rf3 Ng4 20. Nf1 Qd8 21. b5 Bxa3 22. Ra1 Bb4 23. bxc6 bxc6 24. Qb2 a5 25. f5 Bh7 26. Na2 {Navara,D (2738)-So,W (2765) Saint Louis 2019 ½-½ (58)}) 12. Bxe7 Qxe7 13. Nxh5 Bxh5 14. Bxh5 g6 15. Nxe4 Rxh5 16. Ng3 Rxh4 17. Rxh4 Qxh4 18. b4 a6 19. a4 Nb6 20. Rc1 Qe7 21. Qb3 Nc4 22. Nf1 a5 23. b5 Qb4+ 24. Qxb4 axb4 25. bxc6 bxc6 26. Nd2 Nxd2 27. Kxd2 Rxa4 28. Rxc6 Ra2+ 29. Ke1 b3 30. Rb6 b2 31. Kd1 Kd7 32. f3 Kc7 33. Rb3 Kc6 34. Kc2 b1=Q+ 35. Kxb1 Rxg2 36. Kc1 g5 37. Kd1 f5 38. Ke1 Rc2 39. Rb8 Kd6 40. Rg8 g4 41. fxg4 fxg4 42. Rxg4 Ke6 43. Rg5 Ra2 44. Kf1 Rb2 45. Rg2 Rb1+ 46. Ke2 Ra1 47. Rg6+ Ke7 48. Rb6 Rh1 49. Kf3 Rh3+ 50. Kf4 Rh4+ 51. Kf5 Re4 52. Rb3 1/2-1/2

[Event "FIDE-Wch k.o."]
[Site "Tripoli"]
[Date "2004.06.21"]
[Round "2.1"]
[White "Graf, Alexander"]
[Black "Tkachiev, Vladislav"]
[Result "1/2-1/2"]
[WhiteElo "2656"]
[BlackElo "2635"]
[PlyCount "64"]
[EventDate "2004.06.19"]
[EventType "k.o."]
[EventRounds "7"]
[EventCountry "LBY"]
[SourceTitle "CBM 102"]
[Source "ChessBase"]
[SourceDate "2004.09.23"]
[SourceVersion "1"]
[SourceVersionDate "2004.09.23"]
[SourceQuality "1"]

1. d4 {ChessBase II} d5 2. c4 e6 3. Nc3 c6 4. cxd5 exd5 5. Bf4 Bd6 6. Bg3 Ne7 7. e3 O-O ({RR} 7... Nf5 8. Bxd6 Nxd6 9. Bd3 Bf5 10. Bxf5 Nxf5 11. Qg4 g6 12. e4 ({RR} 12. h4 h5 13. Qf4 Qd6 14. Nge2 Nd7 15. Qxd6 Nxd6 16. Nf4 Nf6 17. Nd3 Nfe4 18. Rc1 Nxc3 19. Rxc3 f6 20. O-O Kf7 21. Rfc1 Rhe8 22. Nc5 Re7 23. g3 Rc8) 12... dxe4 13. Qxe4+ Ne7 14. h4 O-O 15. h5 Nd5 16. Nge2 Re8 17. Qf3 Qf6 18. hxg6 fxg6 19. Qh3 Qf7 20. O-O-O Nd7 21. Nxd5 cxd5 22. Nc3 {Andreikin,D (2736)-Harikrishna,P (2766) Wijk aan Zee 2017 CBM 177 [ChessBase II] ½-½ (43)}) 8. Nf3 Bg4 ({RR} 8... Bf5 9. Nh4 Be6 10. Bd3 a5 11. O-O Bxg3 12. hxg3 Nd7 13. Qc2 Ng6 14. Nxg6 hxg6 15. Na4 Qg5 16. Nc5 Nxc5 17. Qxc5 Rfd8 18. Rfc1 Kh7 19. Kf1 Bg4 20. Ke1 Bf5 21. Bxf5 Qxf5 22. Ke2 Kg8 23. Rh1 {Khalafvand,D (2072)-Munkhgal,G (2351) Denizli TUR 2026 0-1 (58)}) 9. Bd3 $146 ({RR} 9. Qc2 Bh5 10. Bd3 Bg6 11. Be5 Bxe5 12. Nxe5 Nd7 13. Nxg6 Nxg6 14. h4 Nf6 15. h5 Ne7 16. g4 h6 17. O-O-O b5 18. Rdg1 b4 19. Na4 Ne4 20. f3 Nd6 21. g5 hxg5 22. Rxg5 f6 23. Rg3 Qd7 {Injac,T (2314)-Aslanov,U (2019) Chess.com INT 2021 1-0}) ({RR} 9. Qb3 Bxf3 10. gxf3 b5 11. a4 b4 12. Ne2 a5 13. Rc1 Na6 14. Bh3 c5 15. dxc5 Nxc5 16. Qd1 b3 17. O-O Rb8 18. Nc3 Bxg3 19. hxg3 Rb4 20. Nxd5 Nxd5 21. Rxc5 Nb6 22. Rxa5 Nxa4 23. Rd5 Qf6) ({RR} 9. Qc2 Bh5 10. Bd3 Bg6 11. Be5 Bxe5 12. Nxe5 Nd7 13. Nxg6 Nxg6 14. h4 Nf6 15. h5 Ne7 16. g4 h6 17. O-O-O b5 18. Rdg1 b4 19. Na4 Ne4 20. f3 Nd6 21. g5 hxg5 22. Rxg5 f6 23. Rg3 Qd7 {Injac,T (2314)-Aslanov,U (2019) Chess.com INT 2021 1-0}) 9... Ng6 10. Qc2 Bxf3 11. gxf3 a5 12. f4 Re8 13. Bxg6 fxg6 14. f5 gxf5 15. Qxf5 Bb4 16. Rc1 Nd7 17. O-O Nb6 18. Ne2 Nc4 19. Rc2 Qe7 20. Nf4 Nd2 21. Rd1 Ne4 22. Nd3 Rf8 23. Qh5 Rae8 24. Be5 Qd7 25. f4 Rf5 26. Qf3 Re6 27. Rg2 Rg6 28. Nf2 Rxg2+ 29. Kxg2 Nxf2 30. Kxf2 Qf7 31. Rg1 g6 32. Qh3 Kf8 1/2-1/2